That's entertainment : (Record no. 18335)
[ view plain ]
| 000 -LEADER | |
|---|---|
| fixed length control field | 00838nam a2200289 i 4500 |
| 001 - CONTROL NUMBER | |
| control field | 18335 |
| 003 - CONTROL NUMBER IDENTIFIER | |
| rucl marc code | BD-RjUL |
| 005 - DATE AND TIME OF LATEST TRANSACTION | |
| control field | 20211209000254.0 |
| 008 - FIXED-LENGTH DATA ELEMENTS--GENERAL INFORMATION | |
| fixed length control field | 140220s1978 njua 001 1 eng d |
| 020 ## - INTERNATIONAL STANDARD BOOK NUMBER | |
| International Standard Book Number | 0139134832. |
| -- | 0139134751 |
| 035 ## - SYSTEM CONTROL NUMBER | |
| System control number | (BD-RjUL)18393 |
| 040 ## - CATALOGING SOURCE | |
| Original cataloging agency | DLC |
| Transcribing agency | DLC |
| Modifying agency | DLC |
| -- | BD-RjUL |
| Language of cataloging | eng |
| 041 ## - LANGUAGE CODE | |
| Language code of text/sound track or separate title | eng |
| 082 00 - DEWEY DECIMAL CLASSIFICATION NUMBER | |
| Classification number | 808.04275 |
| Author mark and year | SMT 1978 |
| 100 1# - MAIN ENTRY--PERSONAL NAME | |
| Personal name | Smith, Carolyn. |
| 9 (RLIN) | 56445 |
| 245 10 - TITLE STATEMENT | |
| Title | That's entertainment : |
| Remainder of title | narrative writing / |
| Statement of responsibility, etc. | by Carolyn Smith. |
| 260 ## - PUBLICATION, DISTRIBUTION, ETC. (IMPRINT) | |
| Place of publication, distribution, etc. | Englewood Cliffs, N.J. : |
| Name of publisher, distributor, etc. | Prentice-Hall, |
| Date of publication, distribution, etc. | c1978. |
| 300 ## - PHYSICAL DESCRIPTION | |
| Pagination | 272 p. : |
| Illustrations | ill. ; |
| Size | 25 cm. |
| 504 ## - BIBLIOGRAPHY, ETC. NOTE | |
| Bibliography, etc | Includes index. |
| 650 #0 - SUBJECT ADDED ENTRY--TOPICAL TERM | |
| Topical term or geographic name as entry element | Readers. |
| 9 (RLIN) | 56447 |
| Topical term or geographic name as entry element | Narration (Rhetoric) |
| 9 (RLIN) | 51865 |
| Topical term or geographic name as entry element | Creative writing. |
| 9 (RLIN) | 56448 |
| 942 ## - ADDED ENTRY ELEMENTS (KOHA) | |
| Source of classification or shelving scheme | Dewey Decimal Classification |
| Koha item type | Books |
| Lost status | Source of classification or shelving scheme | Damaged status | Not for loan | Collection code | Permanent Location | Current Location | Shelving location | Date acquired | Source of acquisition | Total Checkouts | Full call number | Date last seen | Copy number | Koha item type |
|---|---|---|---|---|---|---|---|---|---|---|---|---|---|---|
| Dewey Decimal Classification | Non-fiction | Central Library, University of Rajshahi | Central Library, University of Rajshahi | 09/08/1989 | Asia foundation | 808.04275 SMT 1978 | 20/02/2014 | C-3 | Books | |||||
| Dewey Decimal Classification | Not For Loan | Non-fiction | Central Library, University of Rajshahi | Central Library, University of Rajshahi | Reading Room | 13/06/1989 | Asia Foundation | 808.04275 SMT 1978 | 01/03/2020 | C-1 | Books |